|
|
|
|
| LEADER |
01303njm a2200349 a 4500 |
| 001 |
000650989 |
| 003 |
CZ BrMZK |
| 005 |
20030210092235.0 |
| 007 |
sd fsngnnmmned |
| 008 |
030204s2002 xr pp f d slo d |
| 028 |
0 |
1 |
|a 017 284-2
|b B&M Music
|
| 040 |
|
|
|a BOA001
|b cze
|
| 047 |
|
|
|a pp
|
| 048 |
|
|
|a od
|b vu
|
| 080 |
|
|
|a 785.16
|2 MRF
|
| 080 |
|
|
|a (086.7)
|2 MRF
|
| 100 |
1 |
|
|a Müller, Richard,
|d 1961-
|7 jn20030319007
|4 prf
|
| 245 |
1 |
0 |
|a Nočná optika
|h [zvukový záznam]
|
| 260 |
|
|
|a Praha :
|b B&M Music,
|c p2002
|
| 300 |
|
|
|a 1 zvuková deska :
|b digital ;
|c 12 cm +
|e 1 brožura [12 s.]
|
| 500 |
|
|
|a Původní fonogram p1998 PolyGram
|
| 500 |
|
|
|a Kompaktní deska
|
| 500 |
|
|
|a Texty písní v brožuře
|
| 500 |
|
|
|a Název převzat z obalu
|
| 505 |
0 |
0 |
|t 24 hodin denne --
|t Daňový únik --
|t Vone --
|t V tom istom meste --
|t Feldekove fóry --
|t Milovať teba --
|t Kdnižný príbeh --
|t Odpusť --
|t Keď mucha spí --
|t Nočná optika --
|t La la la --
|t Nohy --
|t Nechty
|
| 511 |
0 |
|
|a Zpívá Richard Müller
|
| 511 |
0 |
|
|a Doprovázejí různí interpreti
|
| 650 |
0 |
7 |
|a populární písně
|7 ph124354
|2 czenas
|
| 655 |
|
4 |
|a populární hudba
|
| 910 |
|
|
|a BOA001
|b CD-0010.929
|
| 990 |
|
|
|a AV
|
| 996 |
6 |
|
|b 261H011950
|c CD-0010.929
|l MZK
|r Sklad / do 24 hodin
|n 0
|w 000650989
|u 000010
|a 1
|e BOA001
|j MZK50
|s P
|